000 00667nam a2200265Ia 4500
005 20260121114437.0
008 008 260114s9999 xx 000 0 eng d
020 _a9789390421022
037 _aEBOOK
040 _aCRL
040 _beng
040 _cCRL
041 _2eng
041 _aeng
084 _qCRL
100 _aVercellis
_9975141
245 0 _aBusiness Intelligence: Data Mining and Optimization for Decision Making
260 _bWiley
260 _c2020
650 _aAnalytics / Big Data
_9975142
856 _uhttps://ebooks.wileyindia.com/product-details/284098
942 _cEBOOK
999 _c1554185
_d1554185